000 00661cab a22002055a 4500
001 L155939
008 230412e20120127xxkd f 000 0 eng d
035 _a(Sirsi) u155939
041 0 _aeng
100 1 _aLane, Thomas
245 0 0 _aBit of an air con
260 _c2012
490 0 _aBuilding
_v277(8724) 20 April 2012, 60-61(2)
520 _aModern homes have become much more airtight in response to tough energy regulations but this has led to problems with ventilation; Part F of the building regulations.
590 _aKA
651 4 _aUnited Kingdom
_y
690 _aBuilding regulations
_96224
690 _aDesign and specification
942 _n0
999 _c83934
_d83934